La ingeniería genética y sus aplicaciones / (Registro nro. 348)

Detalles MARC
000 -CABECERA
Campo de control 00771cam a2200241 a 4500
005 - FECHA Y HORA DE LA ULTIMA TRANSACCION
Campo de control 20160621091424.0
008 - ELEMENTOS DE LONGITUD FIJA—INFORMACION GENERAL
Campo de control 910624s1986 sp a r 00010 spa d
020 ## - ISBN
ISBN 8420005843
040 ## - FUENTE DE CATALOGACIÓN
Agencia catalogadora original la
Agencia transcriptora la
Agencia Modificadora CO-BoIAVH
041 0# - IDIOMA
Código de idioma para texto/pista de sonido o título separado Español
044 ## - PAÍS DE PUBLICACIÓN
País de publicación Colombia
082 04 - NUMERO DE CLASIFICACION DECIMAL DEWEY
Número de clasificación 572.8
Número del ítem P39i
100 1# - ASIENTO PRINCIPAL--NOMBRE PERSONAL
Nombre personal Pellón, José R.
Término relacionado autor
9 (RLIN) 7423
245 13 - MENCION DE TITULO
Título La ingeniería genética y sus aplicaciones /
Mención de responsabilidad José R. Pellón.
260 ## - PUBLICACION, DISTRIBUCION, ETC. (PIE DE IMPRENTA)
Lugar de publicación, distribución, etc. Zaragoza :
Nombre del editor, distribuidor, etc. Editorial Acribia,
Fecha de publicación, distribución, etc. 1986.
300 ## - DESCRIPCION FISICA
Extensión 237 páginas :
Otros detalles físicos ilustraciones ;
Dimensiones 24 x 17 cm.
504 ## - NOTA DE BIBLIOGRAFIA, ETC.
Nota de bibliografía Incluye referencias bibliográficas.
650 16 - ASIENTO SECUNDARIO DE MATERIA - TERMINO TEMATICO
Término temático o nombre geográfico como elemento de entrada Ingeniería genética
9 (RLIN) 71814
650 26 - ASIENTO SECUNDARIO DE MATERIA - TERMINO TEMATICO
Término temático o nombre geográfico como elemento de entrada Ingeniería genética
Subdivisión general usos
9 (RLIN) 71815
650 26 - ASIENTO SECUNDARIO DE MATERIA - TERMINO TEMATICO
Término temático o nombre geográfico como elemento de entrada Ingeniería bioquímica
9 (RLIN) 71813
650 26 - ASIENTO SECUNDARIO DE MATERIA - TERMINO TEMATICO
Término temático o nombre geográfico como elemento de entrada Biotecnología
9 (RLIN) 71816
942 ## - ELEMENTOS ADICIONALES (KOHA)
Sistema de clasificación Dewey Decimal Classification
Tipo de ítem Libro
Existencias
Withdrawn status Lost status Sistema de Clasificación Damaged status No para préstamo Colección Inventariado Ubicación Permanente Ubicación actual Fecha de adquisición Fuente de Valor Total Checkouts Número topográfico Inventario / Código de Barras Date last seen Ejemplar Price effective from Forma de adquisición Tipo de material
    Dewey Decimal Classification     General Inventariado 2017 Sala Fabio Quevedo Sala Fabio Quevedo 29/12/1997 Amazon   LB-572.8 P39i 000483 04/12/2012 Ej. 1 04/12/2012 Donación Libro